[Event "Torneo Magistral 6th"]
[Site "Madrid"]
[Date "1997.05.29"]
[Round "7"]
[White "Short, Nigel D"]
[Black "Piket, Jeroen"]
[Result "1-0"]
[WhiteElo "2690"]
[BlackElo "2640"]
[PlyCount "47"]
[EventDate "1997.06.??"]
[Source "ChessBase"]
[SourceDate "1997.08.01"]

1. e4 e5 2. f4 exf4 3. Nf3 Be7 4. Nc3 Bh4+ 5. Ke2 d5 6. Nxd5 Nf6 7. Nxf6+ Qxf6 8. d4 Bg4 9. Qd2 Nc6 10. c3 O-O-O 11. Qxf4 Qe6 12. Ke3 g5 13. Nxg5 Bxg5 14. Qxg5 f5 15. h3 Nxd4 16. cxd4 Rxd4 17. hxg4 Rxe4+ 18. Kf2 fxg4 19. Rh6 Rf8+ 20. Kg1 Rxf1+ 21. Kxf1 Re1+ 22. Kf2 Qe2+ 23. Kg3 Qd3+ 24. Kxg4 1-0

[Event "Isle of Man op"]
[Site "Isle of Man"]
[Date "1997.??.??"]
[Round "2"]
[White "David, Alberto"]
[Black "Hebden, Mark"]
[Result "1/2-1/2"]
[WhiteElo "2460"]
[BlackElo "2575"]
[PlyCount "51"]
[EventDate "1997.10.??"]
[Source "www.chesslib.no"]
[SourceDate "2004.05.04"]

1. e4 e5 2. f4 exf4 3. Nf3 Be7 4. Nc3 Bh4+ 5. Ke2 c6 6. d4 d5 7. Bxf4 Bg4 8. Qd3 Ne7 9. g3 Ng6 10. Bxb8 Rxb8 11. Kf2 Bf6 12. exd5 O-O 13. Bg2 cxd5 14. Rhe1 Qd6 15. Kg1 Rfe8 16. Kh1 h5 17. Rxe8+ Rxe8 18. Qb5 Re3 19. Rf1 Qc6 20. Qa5 Qc4 21. Nd2 Qxd4 22. Nb3 Qc4 23. Nxd5 Re6 24. Nxf6+ gxf6 25. Qd2 Kg7 26. Nd4 1/2-1/2

[Event "Linares zt"]
[Site "Linares"]
[Date "1995.??.??"]
[Round "6"]
[White "David, Alberto"]
[Black "Hebden, Mark"]
[Result "1/2-1/2"]
[WhiteElo "2465"]
[BlackElo "2570"]
[PlyCount "111"]
[EventDate "1995.11.??"]
[Source "ChessBase"]

1. e4 e5 2. f4 exf4 3. Nf3 Be7 4. Nc3 Nf6 5. e5 Ng4 6. Bc4 d6 7. exd6 Bh4+ 8. g3 fxg3 9. Qe2+ Be6 10. O-O gxh2+ 11. Nxh2 Qxd6 12. Bxe6 Qg3+ 13. Kh1 Nf2+ 14. Rxf2 Qxf2 15. Bc8+ Qxe2 16. Nxe2 Nd7 17. Bxb7 Rb8 18. Bc6 Rb6 19. Nd4 Bf6 20. Nhf3 g5 21. d3 Rg8 22. Bxg5 Bxg5 23. Ne5 Bf6 24. Nxd7 Rxc6 25. Nxc6 Kxd7 26. Rf1 Bxb2 27. Nxa7 f6 28. Nb5 Ra8 29. Rg1 Kc6 30. c4 Rxa2 31. Rg7 Be5 32. d4 Bd6 33. Rxh7 Ra4 34. Nxd6 cxd6 35. c5 d5 36. Rh4 Kb5 37. Rf4 Ra6 38. Kg2 Kc4 39. Kg3 f5 40. Kf3 Re6 41. Rxf5 Kxd4 42. c6 Rxc6 43. Ke2 Ke4 44. Rh5 Rc2+ 45. Kd1 Rf2 46. Rh4+ Kd3 47. Rh3+ Kc4 48. Rh4+ d4 49. Rh3 Rb2 50. Ra3 Rh2 51. Rf3 Kd5 52. Rg3 Ke4 53. Ra3 Rh1+ 54. Kd2 Rh2+ 55. Kd1 d3 56. Ra8 1/2-1/2

[Event "Corr"]
[Site "?"]
[Date "2000.09.01"]
[Round "?"]
[White "Grasso Dr.Giorgio Luigi (I"]
[Black "Samraoui Mekki"]
[Result "0-1"]
[WhiteElo "2504"]
[BlackElo "2520"]
[PlyCount "74"]
[EventDate "2000.??.??"]
[Source "www.chesslib.no"]
[SourceDate "2004.05.04"]

1. e4 e5 2. f4 exf4 3. Nf3 Be7 4. Nc3 Nf6 5. e5 Ng4 6. d4 Bh4+ 7. Ke2 d6 8. Bxf4 Nf2 9. Qe1 Bg4 10. exd6 O-O 11. g3 Nxh1 12. Kd3 Nc6 13. Nxh4 Re8 14. Qd2 cxd6 15. Nb5 a6 16. Nxd6 Be2+ 17. Kc3 Bxf1 18. Nxe8 Nf2 19. Nd6 Qxd6 20. b3 Ne4+ 21. Kb2 Qd5 22. Qe3 Bh3 23. Re1 Re8 24. Nf3 b5 25. c3 f6 26. Qd3 Re7 27. Qc2 Bf5 28. c4 Qd7 29. d5 Nb4 30. Qe2 Nxa2 31. d6 Re8 32. Nd4 Nxd6 33. Qd1 Ne4 34. Nxf5 Qxf5 35. Qd4 Nac3 36. h4 b4 37. Qd3 a5 0-1

[Event "Budapest FS02 GM"]
[Site "Budapest"]
[Date "1994.??.??"]
[Round "6"]
[White "Wells, Peter K"]
[Black "Yemelin, Vasily"]
[Result "0-1"]
[WhiteElo "2490"]
[BlackElo "2475"]
[PlyCount "32"]
[EventDate "1994.02.??"]
[Source "ChessBase"]

1. e4 e5 2. f4 exf4 3. Nf3 Be7 4. Bc4 Bh4+ 5. Kf1 d5 6. Bxd5 Nf6 7. Bb3 Bg4 8. Nc3 Nc6 9. d3 g5 10. e5 Bxf3 11. Qxf3 Nxe5 12. Qh3 Nfg4 13. Ne4 f5 14. g3 fxe4 15. gxh4 Qd4 16. Qg2 gxh4 0-1

[Event "Tch (Men) 2005/2006 FRA"]
[Site "?"]
[Date "2006.03.31"]
[Round "5"]
[White "Taddei Benoit"]
[Black "Sokolov Ivan"]
[Result "0-1"]
[WhiteElo "2266"]
[BlackElo "2689"]
[PlyCount "54"]
[EventDate "2006.??.??"]
[Source "www.chesslib.no"]
[SourceDate "2004.05.04"]

1. e4 e5 2. f4 exf4 3. Nf3 Be7 4. Bc4 Bh4+ 5. Kf1 d6 6. d4 Bg4 7. Bxf4 Qf6 8. Be3 Ne7 9. Nbd2 h6 10. c3 Nd7 11. Qb3 Bg5 12. Re1 O-O-O 13. Kf2 Nb6 14. Bd3 Qg6 15. a4 a6 16. Rhf1 Ned5 17. Nxg5 hxg5 18. h3 Bxh3 19. a5 Bxg2 20. exd5 Qxd3 21. Kxg2 Rde8 22. Rf3 g4 23. Rg3 Qh7 24. Nf1 Nxd5 25. Rxg4 Qh3+ 26. Kf2 Nxe3 27. Rg3 Ng4+ 0-1

[Event "Oberwart Open"]
[Site "Oberwart AUT"]
[Date "1993.??.??"]
[Round "7"]
[White "Gallagher, Joseph G"]
[Black "Klovans, Janis"]
[Result "1/2-1/2"]
[WhiteElo "2500"]
[BlackElo "2440"]
[PlyCount "65"]
[EventDate "1993.07.??"]
[Source "www.chesslib.no"]
[SourceDate "2004.05.04"]

1. e4 e5 2. f4 exf4 3. Nf3 Be7 4. Nc3 Bh4+ 5. Ke2 d5 6. Nxd5 Nf6 7. Nxf6+ Qxf6 8. d4 Bg4 9. Qd2 Nc6 10. c3 g5 11. Kd1 O-O-O 12. Kc2 Rhe8 13. Bd3 Bxf3 14. gxf3 Nxd4+ 15. cxd4 Rxd4 16. Qc3 Re6 17. Kb1 Rc6 18. Qb3 a5 19. a3 a4 20. Qb5 Kb8 21. Be2 Qd8 22. Rf1 Rb6 23. Qc5 Rc6 24. Qb5 Rb6 25. Qa5 Rb3 26. Qe5 f6 27. Qc5 Rb6 28. Qa5 Qd6 29. Ka2 Qe6+ 30. Kb1 Qd6 31. Ka2 Qe6+ 32. Kb1 Qd6 33. Ka2 1/2-1/2

[Event "Randers zt-A"]
[Site "Randers"]
[Date "1982.??.??"]
[Round "5"]
[White "Arnason, Jon L"]
[Black "Wedberg, Tom"]
[Result "1/2-1/2"]
[WhiteElo "2445"]
[BlackElo "2435"]
[PlyCount "89"]
[EventDate "1982.01.??"]
[Source "ChessBase"]

1. e4 e5 2. f4 exf4 3. Nf3 Be7 4. Nc3 Bh4+ 5. Ke2 d5 6. Nxd5 Nf6 7. Nxf6+ Qxf6 8. d4 Bg4 9. c3 c5 10. dxc5 Qe7 11. Qd5 Nd7 12. Bxf4 Nf6 13. Qe5 Nxe4 14. Ke3 Bxf3 15. Bb5+ Kf8 16. Qxe7+ Bxe7 17. Kxf3 Nxc5 18. Rad1 a6 19. Bc4 Rc8 20. Rhe1 g5 21. Be5 Rg8 22. g4 Rg6 23. b4 b5 24. Bd5 Nd7 25. Bd4 Bf6 26. Re3 Bxd4 27. Rxd4 Rd6 28. Bb7 Rf6+ 29. Kg3 Rc7 30. Bf3 Nb6 31. Red3 Nc4 32. Rd5 h6 33. h4 gxh4+ 34. Kxh4 Re7 35. g5 hxg5+ 36. Rxg5 Re1 37. Rd1 Rf4+ 38. Rg4 Rxg4+ 39. Bxg4 Re4 40. Rd4 Re3 41. Bc8 Rxc3 42. Bxa6 Na3 43. Kg5 Rc2 44. Rd5 Rxa2 45. Bxb5 1/2-1/2

[Event "Bundesliga 9900"]
[Site "Germany"]
[Date "2000.02.20"]
[Round "11"]
[White "Berg, Emanuel"]
[Black "Renner, Christoph"]
[Result "0-1"]
[WhiteElo "2432"]
[BlackElo "2442"]
[PlyCount "68"]
[EventDate "1999.10.??"]
[Source "ChessBase"]
[SourceDate "2000.03.10"]

1. e4 e5 2. f4 exf4 3. Nf3 Be7 4. Nc3 Bh4+ 5. Ke2 c6 6. d4 d5 7. e5 Bg4 8. Bxf4 Ne7 9. g3 Ng6 10. Qd3 O-O 11. Kd2 Be7 12. h3 Bxf3 13. Qxf3 Qb6 14. Qd3 Na6 15. Bg2 Qxb2 16. Rhb1 Qa3 17. Rxb7 Nb4 18. Qf3 Qa6 19. Rd7 Qc8 20. Rxe7 Nxe7 21. a3 Na6 22. g4 Nc7 23. h4 Ne6 24. Be3 c5 25. Nb5 Qd7 26. a4 a6 27. Nd6 cxd4 28. Bg1 f6 29. Nf5 fxe5 30. Nxe7+ Qxe7 31. Qxd5 Rad8 32. Qxe5 Qb4+ 33. Kd1 Nf4 34. Be4 Rde8 0-1

[Event "URS-sf"]
[Site "Daugavpils"]
[Date "1989.??.??"]
[Round "?"]
[White "Yuneev, Alexey"]
[Black "Rozentalis, Eduardas"]
[Result "0-1"]
[WhiteElo "2345"]
[BlackElo "2505"]
[PlyCount "66"]
[EventDate "1989.11.??"]
[Source "ChessBase"]

1. e4 e5 2. f4 exf4 3. Nf3 Be7 4. Nc3 Nf6 5. d4 d5 6. exd5 Nxd5 7. Nxd5 Qxd5 8. c4 Qe4+ 9. Kf2 Bg4 10. Bd3 Bh4+ 11. g3 Qxf3+ 12. Qxf3 Bxf3 13. Re1+ Be7 14. Kxf3 fxg3 15. Bf4 Nc6 16. d5 Nd4+ 17. Kxg3 Kd7 18. Bxc7 Bh4+ 19. Kxh4 Nf3+ 20. Kg4 Nxe1 21. Rxe1 Kxc7 22. Re7+ Kd6 23. Rxf7 b6 24. Bf5 g6 25. Be6 Rhf8 26. Rb7 Rf2 27. b4 Raf8 28. c5+ bxc5 29. Rd7+ Ke5 30. bxc5 Rg2+ 31. Kh3 Rg1 32. Rxh7 Rf3+ 33. Kh4 Rf4+ 0-1

[Event "HUN Ch"]
[Site "Budapest HUN"]
[Date "1982.??.??"]
[Round "?"]
[White "Perenyi, Bela"]
[Black "Lukacs, Peter"]
[Result "0-1"]
[WhiteElo "2375"]
[BlackElo "2470"]
[PlyCount "56"]
[EventDate "1982.12.??"]
[Source "www.chesslib.no"]
[SourceDate "2004.05.04"]

1. e4 e5 2. f4 exf4 3. Nf3 Be7 4. Nc3 Bh4+ 5. Ke2 d6 6. d4 Bg4 7. Bxf4 Ne7 8. h3 Bxf3+ 9. gxf3 O-O 10. Rg1 f5 11. Qd2 Ng6 12. Bg5 Bxg5 13. Qxg5 Nc6 14. Ke3 Qd7 15. Bc4+ Kh8 16. h4 f4+ 17. Kd2 Nxd4 18. Raf1 Ne5 19. Be2 b5 20. h5 c6 21. Rg2 Rae8 22. Kc1 b4 23. Nb1 h6 24. Qh4 c5 25. Bd1 d5 26. Nd2 dxe4 27. fxe4 f3 28. Rg3 Rd8 0-1

[Event "Copenhagen op 17th"]
[Site "Copenhagen"]
[Date "1995.??.??"]
[Round "10"]
[White "Olesen, Martin"]
[Black "Nielsen, Peter Heine"]
[Result "1/2-1/2"]
[WhiteElo "2340"]
[BlackElo "2500"]
[PlyCount "27"]
[EventDate "1995.06.??"]
[Source "ChessBase"]

1. e4 e5 2. f4 exf4 3. Nf3 Be7 4. Bc4 Bh4+ 5. Kf1 d5 6. Bxd5 Nf6 7. Nxh4 Nxd5 8. exd5 Qxh4 9. Qe1+ Qxe1+ 10. Kxe1 Na6 11. a3 Bf5 12. d3 O-O-O 13. Bxf4 Rxd5 14. Nc3 1/2-1/2

[Event "Simferopol UKR"]
[Site "Simferopol UKR"]
[Date "1985.??.??"]
[Round "?"]
[White "Bangiev, Alexander"]
[Black "Egin, Vladimir"]
[Result "1/2-1/2"]
[WhiteElo "2385"]
[BlackElo "2450"]
[PlyCount "105"]
[EventDate "1985.??.??"]
[Source "www.chesslib.no"]
[SourceDate "2004.05.04"]

1. e4 e5 2. f4 exf4 3. Nf3 Be7 4. Nc3 Nf6 5. e5 Ng4 6. d4 Bh4+ 7. Ke2 Ne3 8. Bxe3 fxe3 9. Kxe3 d6 10. exd6 cxd6 11. Nxh4 Qxh4 12. Qe1 Qg5+ 13. Kf2+ Kd8 14. Kg1 Re8 15. Qf2 Qe3 16. Qxe3 Rxe3 17. Bd3 Nc6 18. Nd5 Re8 19. c3 Ne7 20. Nf4 Be6 21. g3 Bf5 22. Bb5 Bd7 23. Bc4 d5 24. Bd3 g6 25. Kf2 Bc6 26. Rhe1 Kd7 27. Bf1 Kd6 28. Nd3 Ng8 29. Ne5 Re7 30. Bg2 Nf6 31. Kg1 Rae8 32. Rf1 Nd7 33. Nxf7+ Kc7 34. Rf2 Rf8 35. Ng5 Rxf2 36. Kxf2 Nf6 37. Bf3 h6 38. Nh3 g5 39. Ng1 Bb5 40. h3 Bd3 41. Re1 Ne4+ 42. Bxe4 dxe4 43. h4 gxh4 44. gxh4 Rf7+ 45. Kg3 Rg7+ 46. Kh2 Rf7 47. Nh3 Kd6 48. b3 b5 49. h5 Kd5 50. Kg3 Rg7+ 51. Kh4 Rf7 52. Kg4 Rg7+ 53. Kf5 1/2-1/2

[Event "Budapest FS09 GM"]
[Site "Budapest"]
[Date "1994.??.??"]
[Round "9"]
[White "Olesen, Martin"]
[Black "Lukacs, Peter"]
[Result "1/2-1/2"]
[WhiteElo "2320"]
[BlackElo "2490"]
[PlyCount "26"]
[EventDate "1994.09.??"]
[Source "ChessBase"]

1. e4 e5 2. f4 exf4 3. Nf3 Be7 4. Nc3 Bh4+ 5. Ke2 d6 6. d4 Bg4 7. Bxf4 Ne7 8. Qd3 Ng6 9. Be3 O-O 10. Kd2 Bxf3 11. gxf3 Bg5 12. Bxg5 Qxg5+ 13. Qe3 Qxe3+ 1/2-1/2

[Event "7.Fuhse op15`"]
[Site "7.Fuhse op15`"]
[Date "1996.??.??"]
[Round "6"]
[White "Bangiev, Alexander"]
[Black "Schoene, Ralf"]
[Result "1-0"]
[WhiteElo "2405"]
[BlackElo "2405"]
[PlyCount "73"]
[EventDate "1996.??.??"]
[Source "www.chesslib.no"]
[SourceDate "2004.05.04"]

1. e4 e5 2. f4 exf4 3. Nf3 Be7 4. Nc3 Bh4+ 5. Ke2 d6 6. d4 g5 7. Nxh4 gxh4 8. Kf2 Nf6 9. Bxf4 Ng4+ 10. Ke2 Nxh2 11. Qd2 Bg4+ 12. Kd3 Nxf1 13. Raxf1 Rg8 14. Nd5 c6 15. Ne3 Na6 16. c3 Qe7 17. Qf2 h3 18. Nxg4 Rxg4 19. Rxh3 O-O-O 20. Rxh7 Qe6 21. Qf3 Rdg8 22. Be3 Re8 23. e5 dxe5 24. Qxf7 e4+ 25. Ke2 Rxg2+ 26. Rf2 Qg4+ 27. Kd2 Rxf2+ 28. Bxf2 e3+ 29. Bxe3 Qg2+ 30. Bf2 Qg5+ 31. Kd3 Qb5+ 32. c4 Nb4+ 33. Kd2 Qg5+ 34. Kc3 Nxa2+ 35. Kb3 Nc1+ 36. Kc2 Re2+ 37. Kb1 1-0

[Event "Cappelle Open"]
[Site "Cappelle la Grande FRA"]
[Date "1994.??.??"]
[Round "2"]
[White "Jonkman, Harmen"]
[Black "Mitkov, Nikola"]
[Result "1-0"]
[WhiteElo "2340"]
[BlackElo "2470"]
[PlyCount "127"]
[EventDate "1994.02.??"]
[Source "www.chesslib.no"]
[SourceDate "2004.05.04"]

1. e4 e5 2. f4 exf4 3. Nf3 Be7 4. Bc4 Bh4+ 5. Kf1 d5 6. exd5 Bg4 7. Qe2+ Ne7 8. Qe4 Bxf3 9. Qxf3 Ng6 10. d4 Qf6 11. c3 O-O 12. g3 fxg3 13. Qxf6 Bxf6 14. hxg3 Nd7 15. Nd2 Nb6 16. Bb3 Rfe8 17. Nf3 a5 18. a3 a4 19. Ba2 Rad8 20. c4 Re4 21. Bb1 Rg4 22. Kg2 Nxc4 23. Bf5 Rxd4 24. Nxd4 Bxd4 25. Be4 Bf6 26. Rb1 Re8 27. Bf3 Na5 28. Bd2 Nb3 29. Bc3 Bxc3 30. bxc3 Ne5 31. Bd1 Nc5 32. Re1 f6 33. Rb5 b6 34. d6 cxd6 35. Rxb6 Rd8 36. Bf3 Kf7 37. Bd5+ Kg6 38. Reb1 Ng4 39. Re1 Ne5 40. Be4+ f5 41. Bd5 Kf6 42. Reb1 Ng4 43. Re1 g6 44. Re2 h5 45. Kf3 Ne5+ 46. Ke3 g5 47. Kd4 Ng6 48. Rc6 g4 49. Rc7 Ne5 50. Rb2 h4 51. gxh4 f4 52. h5 g3 53. h6 f3 54. h7 g2 55. Rb1 f2 56. Bg8 Ne6+ 57. Ke3 Rxg8 58. hxg8=Q g1=Q 59. Rxg1 fxg1=Q+ 60. Qxg1 Nxc7 61. Qd1 Nc4+ 62. Kd4 Nxa3 63. c4 d5 64. Qf3+ 1-0

[Event "Rishon Le Ziyyon"]
[Site "Rishon Le Ziyyon"]
[Date "1990.??.??"]
[Round "?"]
[White "Votava, Jan"]
[Black "Porper, Eduard"]
[Result "1-0"]
[WhiteElo "2340"]
[BlackElo "2470"]
[PlyCount "109"]
[EventDate "1990.??.??"]
[Source "www.chesslib.no"]
[SourceDate "2004.05.04"]

1. e4 e5 2. f4 exf4 3. Nf3 Be7 4. Bc4 Bh4+ 5. Kf1 Nh6 6. d4 Ng4 7. Bxf4 d5 8. Bxd5 g5 9. Bd2 Nf2 10. Qe2 Nxh1 11. Nxh4 gxh4 12. Qf3 Be6 13. Nc3 c6 14. Bxe6 fxe6 15. Qh5+ Kd7 16. Kg1 Nf2 17. Kxf2 Qf6+ 18. Ke2 Rf8 19. Bg5 Qf2+ 20. Kd3 c5 21. Ne2 Qxg2 22. Bf4 Nc6 23. Rg1 Qxg1 24. Nxg1 Rxf4 25. Ne2 Rf2 26. Qxh7+ Ne7 27. Qxh4 Raf8 28. dxc5 R8f3+ 29. Kd2 Rg2 30. Qe1 Rxh2 31. Kc1 Rff2 32. Qd1+ Ke8 33. Nd4 Kf7 34. b4 Nc6 35. Nxc6 bxc6 36. Kb2 Rd2 37. Qf3+ Ke7 38. Qc3 Kd7 39. Kb3 Rhg2 40. a3 Kc8 41. Qf6 Rge2 42. Qxe6+ Kc7 43. e5 Re3+ 44. Kb2 Ree2 45. Qf7+ Rd7 46. Qf6 Rdd2 47. e6 Rxc2+ 48. Kb3 Rcd2 49. Qf7+ Kc8 50. Qf8+ Kc7 51. Ka4 Rd3 52. Qf7+ Kc8 53. Qxa7 Rde3 54. Qd7+ Kb8 55. Ka5 1-0

[Event "Clare Benedict Cup"]
[Site "Vienna AUT"]
[Date "1972.05.20"]
[Round "1.2"]
[White "Bhend, Edwin"]
[Black "Unzicker, Wolfgang"]
[Result "0-1"]
[WhiteElo "2330"]
[BlackElo "2470"]
[PlyCount "30"]
[EventDate "1972.05.20"]
[Source "www.chesslib.no"]
[SourceDate "2004.05.04"]

1. e4 e5 2. f4 exf4 3. Nf3 Be7 4. Nc3 Bh4+ 5. Ke2 d6 6. d3 Bg4 7. Bxf4 Ne7 8. h3 Bxf3+ 9. gxf3 Nbc6 10. Kd2 O-O 11. Ne2 f5 12. Be3 d5 13. Bg2 fxe4 14. fxe4 d4 15. Bg1 Ng6 0-1

[Event "FIN-ch"]
[Site "FIN"]
[Date "1998.??.??"]
[Round "10"]
[White "Salmensuu, Olli"]
[Black "Holmsten, Aleksei"]
[Result "1-0"]
[WhiteElo "2375"]
[BlackElo "2425"]
[PlyCount "43"]
[EventDate "1998.??.??"]
[Source "www.chesslib.no"]
[SourceDate "2004.05.04"]

1. e4 e5 2. f4 exf4 3. Nf3 Be7 4. Nc3 Bh4+ 5. Ke2 d5 6. Nxd5 Nf6 7. Nxf6+ Qxf6 8. d3 Bg4 9. Qd2 Bg5 10. Qc3 Nc6 11. Qxf6 Bxf6 12. Bxf4 Bxb2 13. Rb1 Bd4 14. Bxc7 O-O 15. Kd2 Bc5 16. Rxb7 f5 17. Ne5 Nd8 18. Bxd8 Raxd8 19. h3 fxe4 20. hxg4 e3+ 21. Kd1 Rde8 22. d4 1-0

[Event "Corr"]
[Site "?"]
[Date "1995.12.30"]
[Round "?"]
[White "Perea Montero Luis Antonio (E"]
[Black "Rezzuti Vincenzo (ITA)"]
[Result "1-0"]
[WhiteElo "2480"]
[BlackElo "2300"]
[PlyCount "131"]
[EventDate "1995.??.??"]
[Source "www.chesslib.no"]
[SourceDate "2004.05.04"]

1. e4 e5 2. f4 exf4 3. Nf3 Be7 4. Bc4 Bh4+ 5. Kf1 d5 6. Bxd5 Nf6 7. d4 Nxd5 8. exd5 O-O 9. Bxf4 Bg4 10. Qd3 Bxf3 11. Qxf3 Bf6 12. c3 Nd7 13. Nd2 Nb6 14. d6 cxd6 15. Qxb7 Rb8 16. Qf3 Re8 17. Re1 Rxe1+ 18. Kxe1 Bg5 19. Bxg5 Qxg5 20. Rf1 Qg6 21. b3 Re8+ 22. Kd1 Qe6 23. c4 d5 24. Qf5 dxc4 25. Qxe6 fxe6 26. bxc4 Rd8 27. Rf4 Rc8 28. c5 Nd5 29. Rf2 e5 30. Nb3 exd4 31. Ke1 Nb4 32. Ke2 a5 33. a4 Re8+ 34. Kd2 Re5 35. Re2 Rf5 36. Nxa5 Rxc5 37. Re8+ Kf7 38. Rb8 Nd5 39. Nb3 Rc4 40. a5 Kf6 41. a6 Ra4 42. Nc5 Ra3 43. Rb7 Nf4 44. a7 Ra2+ 45. Kd1 Nd5 46. Kc1 h5 47. Rd7 Ke5 48. Rxg7 Nc3 49. Nd3+ Ke4 50. Nb4 Ne2+ 51. Kb1 Nc3+ 52. Kc1 Ne2+ 53. Kd1 Nc3+ 54. Ke1 Ra1+ 55. Kd2 Nd5 56. Nxd5 Ra2+ 57. Kc1 Kxd5 58. Kb1 Ra4 59. Kc2 Kc4 60. Rc7+ Kd5 61. Kb3 Ra1 62. Rh7 Ke4 63. Re7+ Kd3 64. g3 Kd2 65. h3 d3 66. g4 1-0

[Event "Corr"]
[Site "?"]
[Date "2003.??.??"]
[Round "?"]
[White "Berza Stefan"]
[Black "Filipek Jozef"]
[Result "1-0"]
[WhiteElo "2402"]
[BlackElo "2370"]
[PlyCount "51"]
[EventDate "2003.??.??"]
[Source "www.chesslib.no"]
[SourceDate "2004.05.04"]

1. e4 e5 2. f4 exf4 3. Nf3 Be7 4. Be2 Bh4+ 5. Kf1 Be7 6. d4 Nf6 7. Nc3 O-O 8. Bxf4 d6 9. e5 dxe5 10. dxe5 Nfd7 11. Qe1 Nc5 12. Rd1 Nbd7 13. Qg3 Ne6 14. Be3 c6 15. Bd3 Qa5 16. Bf5 Ndc5 17. a3 g6 18. h4 Ng7 19. Bxc8 Raxc8 20. h5 Nf5 21. Qe1 Na4 22. b4 Qa6+ 23. Kf2 Nb2 24. Rd7 Nc4 25. Bc5 Rcd8 26. Rxe7 1-0

[Event "POL Team Ch"]
[Site "Lubniewice POL"]
[Date "1995.??.??"]
[Round "1"]
[White "Grabarczyk, Bogdan"]
[Black "Janocha, Wieslaw"]
[Result "1-0"]
[WhiteElo "2375"]
[BlackElo "2395"]
[PlyCount "111"]
[EventDate "1995.??.??"]
[Source "www.chesslib.no"]
[SourceDate "2004.05.04"]

1. e4 e5 2. f4 exf4 3. Nf3 Be7 4. Nc3 Nf6 5. d4 d5 6. e5 Nh5 7. Be2 g6 8. O-O Bg4 9. Ne1 Bxe2 10. Nxe2 g5 11. g3 fxg3 12. Nxg3 Nxg3 13. hxg3 Qd7 14. Qh5 Qe6 15. Nf3 Qg6 16. Qxg6 hxg6 17. Nxg5 Bxg5 18. Bxg5 Nd7 19. Rac1 Rh5 20. Bh4 c6 21. Kg2 Nf8 22. Bf6 Ne6 23. c4 Kd7 24. Rf3 Rc8 25. Rb3 Rb8 26. cxd5 cxd5 27. Rb5 Nc7 28. Rbc5 Ne8 29. Rf1 Ke6 30. g4 Rh7 31. b4 Rh6 32. Bg5 Rh7 33. b5 Rh8 34. b6 a6 35. a4 Rf8 36. Bf6 Rg8 37. Kg3 Rf8 38. Kh4 Rg8 39. Kg5 Rf8 40. a5 Rg8 41. Rb1 Rf8 42. Rc7 Nxc7 43. bxc7 Rbc8 44. Rxb7 Rfe8 45. Bd8 Rexd8 46. cxd8=Q Rxd8 47. Ra7 Rc8 48. Rxa6+ Ke7 49. Rd6 Rc4 50. Rxd5 Ra4 51. Kf4 f6 52. Ke4 Ra1 53. Rb5 fxe5 54. Kxe5 Re1+ 55. Kd5 Rg1 56. a6 1-0

[Event "Malmo"]
[Site "?"]
[Date "1995.??.??"]
[Round "?"]
[White "Hector, J."]
[Black "Aagaard, Jacob"]
[Result "0-1"]
[WhiteElo "2510"]
[BlackElo "2255"]
[PlyCount "84"]
[EventDate "1995.??.??"]
[Source "ChessBase"]
[SourceDate "1996.02.01"]

1. e4 e5 2. f4 exf4 3. Nf3 Be7 4. Bc4 Bh4+ 5. Kf1 d5 6. Bxd5 Nf6 7. Nxh4 Nxd5 8. exd5 Qxh4 9. Qe1+ Qxe1+ 10. Kxe1 Na6 11. a3 Bf5 12. d3 g5 13. Nc3 O-O-O 14. Kf2 Rhe8 15. Bd2 Nc5 16. Rae1 Bxd3 17. Rxe8 Rxe8 18. cxd3 Nxd3+ 19. Kf1 Nxb2 20. h4 Nc4 21. Bc1 h6 22. hxg5 hxg5 23. Rh7 Ne3+ 24. Kg1 Nxd5 25. Nxd5 Re1+ 26. Kh2 Rxc1 27. Rxf7 Rc5 28. Rf5 Kd7 29. Rxg5 Kd6 30. Nf6 Rxg5 31. Ne4+ Kd5 32. Nxg5 b5 33. Kh3 a5 34. Kg4 b4 35. a4 b3 36. Nf3 b2 37. Nd2 Kd4 38. Kxf4 c5 39. Nb1 c4 40. Na3 c3 41. Kf3 Kd3 42. g4 c2 0-1

[Event "Bad Wiessee 2003"]
[Site "?"]
[Date "2003.11.09"]
[Round "2"]
[White "Krklec Daniel"]
[Black "Atalik Suat"]
[Result "0-1"]
[WhiteElo "2181"]
[BlackElo "2570"]
[PlyCount "91"]
[EventDate "2003.??.??"]
[Source "www.chesslib.no"]
[SourceDate "2004.05.04"]

1. e4 e5 2. f4 exf4 3. Nf3 Be7 4. Nc3 Bh4+ 5. Ke2 d6 6. d4 Bg4 7. Qd3 Nc6 8. Bxf4 Nf6 9. Kd2 Bf2 10. Nd1 Bxf3 11. Nxf2 Bh5 12. c3 O-O 13. Re1 Bg6 14. Qf3 Ne5 15. dxe5 dxe5+ 16. Kc1 exf4 17. Qxf4 Qe7 18. Bd3 Rad8 19. Bc2 b5 20. g4 b4 21. h4 bxc3 22. h5 Qb4 23. Bb3 Rd2 24. hxg6 Nd5 25. gxf7+ Rxf7 26. Qxf7+ Kxf7 27. Rhf1 Kg6 28. exd5 Rxf2 29. Bc2+ Rxc2+ 30. Kxc2 Qxb2+ 31. Kd3 Qd2+ 32. Kc4 c2 33. a3 a5 34. Rg1 Kg5 35. Ref1 g6 36. Re1 h6 37. Ref1 Qe3 38. a4 Qa3 39. Ra1 Qb2 40. Kc5 Qc3+ 41. Kb5 Qb4+ 42. Kc6 Qc4+ 43. Kd7 Kf4 44. Ke6 c6 45. Kf6 cxd5 46. Kxg6 0-1

[Event "Gausdal Int"]
[Site "Gausdal NOR"]
[Date "1993.??.??"]
[Round "1"]
[White "Gundersen, Helge"]
[Black "Varavin, Viktor"]
[Result "0-1"]
[WhiteElo "2285"]
[BlackElo "2465"]
[PlyCount "50"]
[EventDate "1993.08.??"]
[Source "www.chesslib.no"]
[SourceDate "2004.05.04"]

1. e4 e5 2. f4 exf4 3. Nf3 Be7 4. Nc3 Bh4+ 5. Ke2 Be7 6. d4 g5 7. h4 g4 8. Ne1 Nf6 9. Bxf4 Nh5 10. Be5 Rg8 11. Qd2 d6 12. Qh6 dxe5 13. Qxh5 Nc6 14. Qxh7 Nxd4+ 15. Kf2 g3+ 16. Ke3 Nxc2+ 17. Nxc2 Bc5+ 18. Kf3 Qf6+ 19. Ke2 Bg4+ 20. Kd3 O-O-O+ 21. Kc4 Rh8 22. Qxh8 Qxh8 23. Kxc5 Qf8+ 24. Kb5 Bd7+ 25. Kc4 b5+ 0-1

[Event "Corr"]
[Site "?"]
[Date "1998.??.??"]
[Round "?"]
[White "Grasso Giorgio Luigi"]
[Black "Genovese Maurizio"]
[Result "1/2-1/2"]
[WhiteElo "2455"]
[BlackElo "2285"]
[PlyCount "94"]
[EventDate "1998.??.??"]
[Source "www.chesslib.no"]
[SourceDate "2004.05.04"]

1. e4 e5 2. f4 exf4 3. Nf3 Be7 4. Nc3 Bh4+ 5. Ke2 c6 6. d4 d5 7. Qd2 dxe4 8. Nxe4 Nf6 9. Qxf4 O-O 10. Be3 Re8 11. Nxf6+ Bxf6 12. Kf2 Na6 13. Bxa6 bxa6 14. c4 Be6 15. b3 a5 16. Rhd1 a4 17. Ng5 Bxg5 18. Qxg5 Qxg5 19. Bxg5 f6 20. Be3 Red8 21. Kg1 a5 22. Bf2 Rab8 23. Rd3 Rd7 24. h3 Bf5 25. Rc3 Re7 26. g4 Bg6 27. d5 cxd5 28. cxd5 Re2 29. d6 Rd2 30. Be1 Rd5 31. bxa4 h5 32. gxh5 Be4 33. Re3 f5 34. Rg3 Rxd6 35. Bxa5 Rb7 36. Bc3 Rc6 37. Re1 Kh7 38. a5 Rc4 39. Kf2 f4 40. Rg5 Kh6 41. h4 Rxc3 42. Rxe4 Rh3 43. Rxf4 Rb2+ 44. Kg1 Rxa2 45. Rff5 Rxh4 46. Rg6+ Kh7 47. Rfg5 Rxh5 1/2-1/2

[Event "Gausdal Int"]
[Site "Gausdal NOR"]
[Date "1990.??.??"]
[Round "4"]
[White "Popovych, Orest"]
[Black "Hector, Jonny"]
[Result "0-1"]
[WhiteElo "2275"]
[BlackElo "2465"]
[PlyCount "80"]
[EventDate "1990.08.??"]
[Source "www.chesslib.no"]
[SourceDate "2004.05.04"]

1. e4 e5 2. f4 exf4 3. Nf3 Be7 4. Bc4 Bh4+ 5. Kf1 d5 6. Bxd5 Nf6 7. Bb3 Bg4 8. Bxf7+ Kxf7 9. Ne5+ Ke7 10. Nxg4 Qd4 11. c3 Qd3+ 12. Kg1 Qxe4 13. Nf2 Qf5 14. d4 Re8 15. Qf3 Bxf2+ 16. Kxf2 Qc2+ 17. Qe2+ Ne4+ 18. Kf3 Qxe2+ 19. Kxe2 Kf6 20. Kf3 g5 21. Re1 Kf5 22. g4+ fxg3 23. hxg3 g4+ 24. Kg2 Nd7 25. Bf4 Nef6 26. Na3 Nd5 27. Bd2 Re4 28. Rxe4 Kxe4 29. Re1+ Kd3 30. Bh6 Rg8 31. c4 Nb4 32. Re7 Nf6 33. d5 Re8 34. Rxe8 Nxe8 35. Bf8 a5 36. b3 Nxa2 37. c5 Nc1 38. d6 cxd6 39. cxd6 Nf6 40. Nc4 Nd7 0-1